1319 1561 1422 1739 1596 1680 1386 1445 1653 1076 1887 1032 1342 1990 1626 1207 1258 1470 1647 1384 1568 1237 1298 1909 1618 1514 1320 1875 1419 1250 1236 1989 1225 1175 1668 1115 1625 1189 1035 1874 1082 1157 1936 1064 1896 1398 1773 1628 1845 1871 1363 1747 1340 1911 1033 1029 1172 1518 1218 1462 1898 1247 1246 1669 1678 1602 1527 1027 1285 1242 1722 1434 1458 1002 1535 1791 1324 1103 1912 1660 1312 1630 1612 1706 1596 1215 1219 1212 1601 1353 1679 1569 1180 1573 1445 1682 1494 1597 1969 BCNSPRNW ULIB Ver.6.0+V

เปลี่ยนเป็นภาษาไทย

Change to English
 แสดงรายละเอียดบรรณานุกรม
  กลับหน้าหลัก

Brief Record : Get Marc (ISO 2709) : E-mail record : QR code < ปิดหน้าต่าง
LEADER : 00000nam 2200000uu 4500
001    13399127183
003     ULIB
008    191021s2561||||th 000 0 tha d
020 ^- ^a9786160034796
050 ^- ^aนว.^bณ149ห
100 ^- ^aณพรรษธ์สรฌ์.
245 10 ^aหวานร้ายละลายรัก /^cณพรรษธ์สรฌ์.
250 ^- ^aพิมพ์ครั้งที่ 1.
260 ^- ^aกรุงเทพฯ :^bบริษัทสถาพรบุ๊คส์ จำกัด,^c2561
300 ^- ^a327 หน้า.
945    ^p230^l0^i27875
999    ^aกัณชพร จุลอักษร
รายการนี้ยังไม่มีแท็ก
คุณยังไม่ได้ล็อกอิน คุณสามารถมีกิจกรรมร่วมกับเว็บไซต์ได้ แต่ต้องล็อกอินก่อน ::
  ล็อกอิน

รายการสื่อสารสนเทศ

ลำดับที่ ประเภท เลขเรียก/บาร์โค้ด สถานที่ สถานะ
1. วิทยาศาสตร์การแพทย์ และสุขภาพ
วิทยาศาสตร์การแพทย์ และสุขภาพ
นว. ณ149ห ฉ.1 
  Barcode: 27875
ห้องสมุดวิทยาเขตนครสวรรค์
►นวนิยาย:l:Fiction
บนชั้น

รายการใกล้เคียง
    ผู้แต่ง [ณพรรษธ์สรฌ์.]

BibComment


ยังไม่เคยถูกคอมเมนท์

คอมเมนท์ทรัพยากรรายการนี้
  คอมเมนท์: หวานร้ายละลายรัก..


 Copyright 2026. Bcnsprnw @Library